00449nam a2200181Ia 4500003000400000008004100004040001600045082001500061100001600076245002700092260004800119300001000167650001900177650001400196650001600210650001900226650002200245GCL140319s9999 xx 000 0 eng d aGCL / cGCL04a813.6bR G1 aREED, T. J.10aGOETHE / cREED, T. J. a[S.N] : bOXFORD UNIVERSITY PRESS ، c1984 a114 P04aGERMAN FICTION04aBIOGRAPHY04aBIOGRAPHIES04aGOETHE, JOHANN04aGERMAN LITERATURE